000 01440cam a2200361 a 4500
001 000011695
005 20200929162530.0
008 921130s1978 sp a b 001 0 spa
020 _a8424404378
035 _a(DLC) 71888406
035 _a(OCoLC)27041785
040 _aDO-SdBNP
_bspa
_cOrU
_dDLC
_dBNPHU
041 1 7 _aspa
_hita
_2Código de idioma MARC
082 _a704.9428
_bG429p, 1978
100 1 _aGiachetti, Romano.
_927723
240 1 0 _aPorno power. Pornografia e società capitalista.
_lEspañol.
245 1 0 _aPorno power :
_bPornografía y sociedad capitalista /
_cRomano Giachetti ; traducción Roser Berdagué.
250 _a2a ed.
260 _aBarcelona :
_bFontanella,
_c1978.
300 _a344 p. :
_bil. ;
_c20 cm.
490 1 _aLibros de confrontación
_v7
_aSociología
500 _aEn un apéndice del texto del Informe de la Comisión de Nixon sobre la pornografía y la obscenidad.
504 _aIncluye referencias bibliográficas al pie de las páginas.
534 _aTítulo original en italiano:
_tPorno power. Pornografia e società capitalista.
650 4 _aErotismo
_9912
650 4 _aPornografía
_927724
650 4 _aArte erótico
_927725
650 4 _aLiteratura inmoral
_927726
710 1 _aEstados Unidos.
_bLa Comisión sobre la obscenidad y la pornografía.
_927727
830 0 _aLibros de confrontación ;
_v7
_pSociología
_927728
910 _aCatalogación derivada
049 _aBNGR
999 _c11378
_d11378